000 00492nam a2200217Ia 4500
003 0100
008 130303s9999 xx 000 0 und d
020 _a0415212383
040 _cARRUPELIB
050 _aBL51.B778 2000
100 _aBrown, Stuart C
245 _aPhilosophy of religion
245 _ban introduction with readings
260 _aLondon
260 _bRoutledge
260 _C2001
300 _aviii
300 _b 199p. 25cm.
650 _aRELIGION
942 0 0 _07
999 _c13751
_d13751